00590 2200217 4500001002100000005001500021035002000036245007700056100001500133250000600148300003500154700001300189260003900202082001200241084001800253020001800271650003200289990001700321990001700338990001700355INLIS00000000000022020180919012910 a0010-09180000741 aSelayang Pandang Nusa Tenggara Barat /cErna Dwi P; Ilustrator, Sefika R0 aErna Dwi P a- aiv, 60 hlm. :bilus. ;c21 cm.0 aSefika R aKlaten :bPT Intan Pariwara,c2008 a911.598 a911.598 ERN s a979-28-0454-6 aGeografi Historis Indonesia a00939/P/2018 a00940/P/2018 a00941/P/2018